250 [i.e. Doscientas cincuenta] máscaras fantásticas (Record no. 10091)

MARC details
000 -CABECERA
campo de control de longitud fija 00618nam a2200217 a 4500
001 - NÚMERO DE CONTROL
campo de control BRL_1279
005 - FECHA Y HORA DE LA ÚLTIMA TRANSACCIÓN
campo de control 20190320211127.0
008 - DATOS DE LONGITUD FIJA--INFORMACIÓN GENERAL
campo de control de longitud fija 171213s1954----mx-a######---#000-0#spa-#
041 ## - CÓDIGO DE LENGUA
Código de lengua del texto/banda sonora o título independiente spa
044 ## - CÓDIGO DEL PAÍS DE LA ENTIDAD EDITORA/PRODUCTORA
Código MARC del país mx
050 #4 - SIGNATURA TOPOGRÁFICA DE LA BIBLIOTECA DEL CONGRESO
Número de clasificación GT1747
Número de documento/Ítem .A54 1954
100 1# - ENTRADA PRINCIPAL--NOMBRE DE PERSONA
Nombre de persona Anguiano, Armando
Fechas asociadas al nombre 1920-
9 (RLIN) 26367
245 10 - MENCIÓN DE TÍTULO
Título 250 [i.e. Doscientas cincuenta] máscaras fantásticas
Mención de responsabilidad, etc. de Armando Anguiano.
260 ## - PUBLICACIÓN, DISTRIBUCIÓN, ETC.
Lugar de publicación, distribución, etc. México
Nombre del editor, distribuidor, etc. [SEP]
Fecha de publicación, distribución, etc. 1954
300 ## - DESCRIPCIÓN FÍSICA
Extensión 83 p.
Otras características físicas il. (algunas a color)
Dimensiones 33 cm.
500 ## - NOTA GENERAL
Nota general Estado físico: encuadernado, enero 2016
500 ## - NOTA GENERAL
Nota general Au1489
650 14 - PUNTO DE ACCESO ADICIONAL DE MATERIA--TÉRMINO DE MATERIA
Término de materia o nombre geográfico como elemento de entrada Máscaras
9 (RLIN) 18335
902 ## - CATALOGADOR
Iniciales GRL
942 ## - ELEMENTOS DE PUNTO DE ACCESO ADICIONAL (KOHA)
Fuente del sistema de clasificación o colocación Library of Congress Classification
Tipo de ítem Koha Libros
Holdings
Estado de retiro Estado de pérdida Estado dañado No para préstamo Localización permanente Ubicación/localización actual Fecha de adquisición Número de inventario Total de préstamos Signatura topográfica completa Código de barras Fecha visto por última vez Precio válido a partir de Tipo de ítem Koha
El ejemplar forma parte de la colección y puede ser consultado según las políticas vigentes.       Biblioteca Centro de Estudios Ruth D. Lechuga Biblioteca Centro de Estudios Ruth D. Lechuga 17/12/2013 Au1489   GT1747 .A54 1954 (Au1489) GRL01414 22/03/2019 22/03/2019 Libros